SHL teams 2025-2026 - Statistics

General Stats
  • This quiz has been taken 137 times
  • The average score is 12 of 14
Answer Stats
Answer % Correct
Malmö Redhawks
94%
Djurgårdens IF
91%
Frölunda HC
91%
Luleå Hockey
91%
Skellefteå AIK
91%
Örebro Hockey
88%
Brynäs IF
86%
Färjestad BK
84%
Leksands IF
83%
HV71
81%
Rögle BK
80%
Timrå IK
80%
Växjö Lakers
75%
Linköping HC
74%
No matching quizzes found
Score Distribution
Percent of People with Each Score
Percentile by Number Answered
Your Score History
You have not taken this quiz